[Event "New Delhi Parsvnath op-C 16th"]
[Site "New Delhi"]
[Date "2018.01.14"]
[Round "5"]
[White "Deshpande, Omkar"]
[Black "Ram, Kumar"]
[Result "0-1"]
[WhiteElo "1458"]
[BlackElo "1546"]
[PlyCount "92"]
[EventDate "2018.01.09"]
[EventType "swiss"]
[EventRounds "10"]
[EventCountry "IND"]
[SourceTitle "CBM 182 Extra"]
[Source "ChessBase"]
[SourceDate "2018.02.23"]
[SourceVersion "1"]
[SourceVersionDate "2018.02.23"]
[SourceQuality "1"]

1. e4 e6 2. d4 d5 3. Nc3 Bb4 4. exd5 exd5 5. Bd3 Nf6 6. Qf3 0-0 7. Nge2 Bg4 8. Qg3 Bxe2 9. Kxe2 Ne4 10. Nxe4 dxe4 11. Bxe4 Re8 12. Qd3 Qd5 13. f3 f5 14. Qb3 Qxb3 15. axb3 fxe4 16. fxe4 Rxe4+ 17. Kd3 Re8 18. Bf4 Bd6 19. Bxd6 cxd6 20. b4 Nd7 21. Rhe1 a6 22. c4 Nf6 23. h3 Rxe1 24. Rxe1 Re8 25. Rxe8+ Nxe8 26. d5 Kf7 27. c5 Ke7 28. g4 Kd7 29. g5 g6 30. Kd4 Ng7 31. Ke4 Nf5 32. Kd3 Nh4 33. Ke2 a5 34. c6+ bxc6 35. dxc6+ Kxc6 36. bxa5 Kb5 37. b4 Nf5 38. Kd3 d5 39. Kc3 Kc6 40. a6 Nd6 41. Kd4 Nb5+ 42. Kd3 Kd6 43. Ke3 Ke5 44. h4 d4+ 45. Kd3 Kd5 46. Kc2 Kc4 0-1